|
|
|
|
| LEADER |
02236nam a22003733i 4500 |
| 001 |
EBC6238610 |
| 003 |
MiAaPQ |
| 005 |
20240729202203.0 |
| 006 |
m o d | |
| 007 |
cr cnu|||||||| |
| 008 |
240729s2020 xx o ||||0 swe d |
| 020 |
|
|
|a 9789179298166
|q (electronic bk.)
|
| 035 |
|
|
|a (MiAaPQ)EBC6238610
|
| 035 |
|
|
|a (Au-PeEL)EBL6238610
|
| 035 |
|
|
|a (OCoLC)1178653123
|
| 040 |
|
|
|a MiAaPQ
|b eng
|e rda
|e pn
|c MiAaPQ
|d MiAaPQ
|
| 100 |
1 |
|
|a Hodén, Tintin.
|
| 245 |
1 |
0 |
|a Motsättningarnas Museum :
|b Samproduktionen Av Museiideal I Den Offentliga Debatten Om Moderna Museet 1972-2013.
|
| 250 |
|
|
|a 1st ed.
|
| 264 |
|
1 |
|a Linköping :
|b Linkopings Universitet,
|c 2020.
|
| 264 |
|
4 |
|c {copy}2020.
|
| 300 |
|
|
|a 1 online resource (289 pages)
|
| 336 |
|
|
|a text
|b txt
|2 rdacontent
|
| 337 |
|
|
|a computer
|b c
|2 rdamedia
|
| 338 |
|
|
|a online resource
|b cr
|2 rdacarrier
|
| 490 |
1 |
|
|a Linköping Studies in Arts and Sciences Series ;
|v v.791
|
| 505 |
0 |
|
|a Intro -- ABSTRACT -- TACK -- INNEHÅLL -- INLEDNING -- ETT DYNAMISKT MUSEUM FÖR MODERN KONST: MODERNA MUSEETS FÖRUTSÄTTNINGAR -- KONSTSAMLINGENS SKIFTANDE BETYDELSER: DEBATTERNA OM NEW YORK COLLECTION -- UTSTÄLLNINGSPLATS ELLER EXPERIMENTPLATS: DEBATTEN OM MODERNA MUSEETS NYA BYGGNAD -- MODERNA MUSEET TILL SALU?: DEBATTEN OM SONYS SPONSRING AV MODERNA MUSEET -- ATT SKRIVA OM HISTORIEN: DEBATTERNA OM DET ANDRA ÖNSKEMUSEET OCH HILMA AF KLINT - ABSTRAKT PIONJÄR -- SAMPRODUKTIONEN AV MUSEIIDEAL: EN AVSLUTANDE DISKUSSION -- ENGLISH SUMMARY -- KÄLLOR OCH LITTERATUR -- Tema Q-presentation -- Avhandlingar vid Tema kultur och samhälle.
|
| 588 |
|
|
|a Description based on publisher supplied metadata and other sources.
|
| 590 |
|
|
|a Electronic reproduction. Ann Arbor, Michigan : ProQuest Ebook Central, 2024. Available via World Wide Web. Access may be limited to ProQuest Ebook Central affiliated libraries.
|
| 655 |
|
4 |
|a Electronic books.
|
| 776 |
0 |
8 |
|i Print version:
|a Hodén, Tintin
|t Motsättningarnas Museum
|d Linköping : Linkopings Universitet,c2020
|
| 797 |
2 |
|
|a ProQuest (Firm)
|
| 830 |
|
0 |
|a Linköping Studies in Arts and Sciences Series
|
| 856 |
4 |
0 |
|u https://ebookcentral.proquest.com/lib/matrademy/detail.action?docID=6238610
|z Click to View
|